000 00430nam a2200181Ia 4500
001 22266
005 20260414150819.0
008 260414t2014||||xx |||||||||||||| ||spa||
041 _aESP
082 _a621.3
_bM86
100 _aMoreno, Fermín
_eAUT
245 0 _aInstalaciones electricas interiores
_b
260 _c2014
300 _a273 páginas :
_c24 cm.
650 _aTCA
654 _aCET
942 _cLIB
_dJUS
_fJUS
_2ddc
_n
999 _c22266
_d22266